000
00356nam a2200157Ia 4500
003
0STCL
008
150530s9999 xx 000 0 und d
040
_a
STCL
_c
STCL
100
_a
Parasuram, A.N.
245
_a
Arthur Miller All my sons
260
_b
Minerva
_c
1992
546
_a
English
942
_2
ddc
_c
BK
999
_c
68269
_d
68269
005
20220125171357.0